[Event "FIDE World Rapid Team"]
[Site "London ENG"]
[Date "2025.06.11"]
[Round "4.1"]
[White "Sevian, Samuel"]
[Black "Firouzja, Alireza"]
[Result "1-0"]
[WhiteTitle "GM"]
[BlackTitle "GM"]
[WhiteElo "2687"]
[BlackElo "2766"]
[WhiteTeam "Freedom"]
[BlackTeam "WR Chess Team"]
[WhiteFideId "2040506"]
[BlackFideId "12573981"]
[EventDate "2025.06.11"]
[EventType "team"]

1. e4 e5 2. Nf3 Nc6 3. Bc4 Nf6 4. d3 Bc5 5. c3 d6 6. Bg5 h6 7. Bh4 a5 8. Nbd2 g5
9. Bg3 O-O 10. h3 Ba7 11. Bh2 Kg7 12. a4 Re8 13. Qb3 Qe7 14. g4 Nd8 15. O-O-O
Bxf2 16. d4 Be3 17. dxe5 dxe5 18. Bxe5 Nc6 19. Bxf6+ Qxf6 20. Rhf1 Bf4 21. Kb1
Be6 22. Bd5 Rad8 23. Nc4 Bc8 24. Ka1 Ne7 25. Bxb7 Bxb7 26. Rxd8 Rxd8 27. Qxb7
Qe6 28. Nxa5 c5 29. Qb3 Qa6 30. Qb5 Qa7 31. Nc6 Nxc6 32. Qxc6 Rd6 33. Qb5 Rb6
34. Qc4 Qb7 35. Rf2 Be3 36. Rc2 Re6 37. Ka2 Rxe4 38. Qb5 Qd5+ 39. b3 Bf4 40. Nd4
Kh7 41. a5 Re5 42. Ne2 Kg7 43. Kb2 Qd1 44. a6 Bd2 45. a7 Rxe2 46. Qxe2 Qxe2 47.
a8=Q Qd3 48. Qc6 Be3 49. Qc7 Qd5 50. Qc8 Qf3 51. Qf5 Qxh3 52. Qe5+ Kg8 53. Qe8+
Kg7 54. Qe5+ Kg8 55. Re2 Bf4 56. Qf6 Be3 57. Ka2 Qg3 58. Qxh6 c4 59. b4 Qf4 60.
Rh2 Qe5 61. Qh7+ Kf8 62. Qh8+ Qxh8 63. Rxh8+ Ke7 64. Rc8 f5 65. Rxc4 Kf6 66. Kb3
fxg4 67. Rxg4 Kf5 68. Rg3 Ba7 69. c4 Kf4 70. Rg2 Be3 71. Re2 g4 72. c5 g3 73. c6
Bb6 74. Re7 g2 75. Rg7 Kf3 76. Kc4 Bc7 77. Rxg2 Kxg2 78. Kd5 1-0

[Event "FIDE World Rapid Team"]
[Site "London ENG"]
[Date "2025.06.11"]
[Round "4.2"]
[White "Vachier-Lagrave, Maxime"]
[Black "Le, Quang Liem"]
[Result "1-0"]
[WhiteTitle "GM"]
[BlackTitle "GM"]
[WhiteElo "2736"]
[BlackElo "2729"]
[WhiteTeam "WR Chess Team"]
[BlackTeam "Freedom"]
[WhiteFideId "623539"]
[BlackFideId "12401137"]
[EventDate "2025.06.11"]
[EventType "team"]

1. e4 e5 2. Nf3 Nc6 3. Bb5 Nf6 4. O-O Nxe4 5. d4 Nd6 6. Bxc6 dxc6 7. dxe5 Nf5 8.
Qe2 Nd4 9. Nxd4 Qxd4 10. h3 Be6 11. Rd1 Qc4 12. Rd3 Be7 13. b3 Qa6 14. Nc3 O-O
15. Qe4 Rfd8 16. Rg3 c5 17. Be3 Rd7 18. Rf1 Rad8 19. f4 f5 20. exf6 Bxf6 21.
Bxc5 Re8 22. f5 Bf7 23. Qf3 Rd2 24. Ne4 Rxc2 25. Nxf6+ Qxf6 26. Be3 Rc3 27. Qf2
Bd5 28. Rd1 Qe5 29. Bf4 Rxg3 30. Bxg3 Qe4 31. Rd4 Qb1+ 32. Kh2 c6 33. f6 Rf8 34.
Rg4 g6 35. Bd6 Re8 36. Be7 b6 37. Qe3 Qf5 38. Qh6 Qe5+ 39. Rg3 Rxe7 40. fxe7
Qxe7 41. Qf4 Qf7 42. Qb8+ Kg7 43. Re3 Kh6 44. Qg3 Qf6 45. Re5 Kg7 46. Re2 Kh6
47. Qe3+ Kg7 48. Qe7+ Bf7 49. Qxa7 Qf4+ 50. g3 Qf1 51. Qe7 h5 52. h4 Kg8 53.
Qd8+ Kh7 54. Qe7 Kg8 55. Qe4 Kh7 56. Qg2 Qd1 57. Re7 Kg8 58. Qxc6 Qd2+ 59. Qg2
Qd6 60. Re1 Qc5 61. Rf1 Bd5 62. Qf2 Qc6 63. Qf8+ Kh7 64. Qe7+ Kh6 65. Qf6 1-0

[Event "FIDE World Rapid Team"]
[Site "London ENG"]
[Date "2025.06.11"]
[Round "4.3"]
[White "Sarana, Alexey"]
[Black "Duda, Jan-Krzysztof"]
[Result "1/2-1/2"]
[WhiteTitle "GM"]
[BlackTitle "GM"]
[WhiteElo "2686"]
[BlackElo "2725"]
[WhiteTeam "Freedom"]
[BlackTeam "WR Chess Team"]
[WhiteFideId "24133795"]
[BlackFideId "1170546"]
[EventDate "2025.06.11"]
[EventType "team"]

1. d4 d5 2. c4 dxc4 3. Nf3 Nf6 4. e3 e6 5. Bxc4 c5 6. O-O a6 7. dxc5 Bxc5 8.
Qxd8+ Kxd8 9. Be2 Ke7 10. Rd1 Rd8 11. Rxd8 Kxd8 12. Ne5 Ke8 13. b3 b6 14. Nc3
Nbd7 15. Nxd7 Bxd7 16. Na4 Bxa4 17. bxa4 a5 18. Bb2 Rd8 19. Rd1 Rxd1+ 20. Bxd1
Ke7 21. Kf1 Ne8 22. Ke2 f6 23. Bc2 g6 24. g4 Nd6 25. h4 Nc4 26. Bc3 Kf7 27. Be4
h5 28. gxh5 gxh5 29. Bf3 Kg6 30. Bc6 Kf7 31. Bf3 Kg6 32. Bb7 Kf7 33. Ba6 Ne5 34.
Bxe5 1/2-1/2

[Event "FIDE World Rapid Team"]
[Site "London ENG"]
[Date "2025.06.11"]
[Round "4.4"]
[White "So, Wesley"]
[Black "Martirosyan, Haik M."]
[Result "1-0"]
[WhiteTitle "GM"]
[BlackTitle "GM"]
[WhiteElo "2745"]
[BlackElo "2635"]
[WhiteTeam "WR Chess Team"]
[BlackTeam "Freedom"]
[WhiteFideId "5202213"]
[BlackFideId "13306553"]
[EventDate "2025.06.11"]
[EventType "team"]

1. e4 e5 2. Nf3 Nc6 3. Bc4 Bc5 4. d3 Nf6 5. c3 O-O 6. O-O d5 7. exd5 Nxd5 8. Re1
Bg4 9. h3 Bh5 10. Nbd2 Nb6 11. Bb3 Qxd3 12. Nxe5 Qf5 13. Nef3 Rad8 14. Qe2 Nd5
15. Ne4 Bxf3 16. Qxf3 Qxf3 17. gxf3 Bb6 18. Rd1 Nde7 19. Bf4 h6 20. a4 a5 21. h4
Nf5 22. h5 Nh4 23. Nd2 Ne5 24. Kf1 Nd3 25. Bg3 Nf5 26. Nc4 Nc5 27. Bc2 Nxg3+ 28.
fxg3 Ne6 29. f4 Rxd1+ 30. Rxd1 Rd8 31. Rxd8+ Nxd8 32. Be4 Kf8 33. Ke2 Ke7 34.
Bd5 g6 35. hxg6 fxg6 36. Kf3 Kf6 37. Ne5 Bg1 38. Kg2 Ba7 39. Nc4 c6 40. Be4 b5
41. Nxa5 bxa4 42. Bc2 Bb6 43. Nc4 Bc7 44. Bxa4 g5 45. fxg5+ Kxg5 46. Nd2 Kf6 47.
Kh3 Ke5 48. Kg4 c5 49. Kh5 Nf7 50. Bc2 Kf6 51. Ne4+ Kg7 52. Nxc5 Bxg3 53. Kg4
Bd6 54. Ne4 Be7 55. Kf5 h5 56. Ke6 Bd8 57. b4 h4 58. c4 h3 59. Bd1 h2 60. Bf3
Bc7 61. c5 Ne5 62. Bh1 Nd3 63. b5 Kg6 64. c6 Ba5 65. Kd6 Bb4+ 66. Kd7 Ba5 67. c7
Ne5+ 68. Kd6 Nc4+ 69. Kc6 Bxc7 70. Kxc7 1-0

[Event "FIDE World Rapid Team"]
[Site "London ENG"]
[Date "2025.06.11"]
[Round "4.5"]
[White "Injac, Teodora"]
[Black "Kosteniuk, Alexandra"]
[Result "1/2-1/2"]
[WhiteTitle "IM"]
[BlackTitle "GM"]
[WhiteElo "2457"]
[BlackElo "2474"]
[WhiteTeam "Freedom"]
[BlackTeam "WR Chess Team"]
[WhiteFideId "932400"]
[BlackFideId "4128125"]
[EventDate "2025.06.11"]
[EventType "team"]

1. d4 Nf6 2. Bg5 d5 3. Nd2 c5 4. dxc5 Qa5 5. Nf3 Ne4 6. Be3 Nxc5 7. c3 Qc7 8. g3
Nba6 9. c4 dxc4 10. Nxc4 Be6 11. Bf4 Qd8 12. Ncd2 f6 13. Bg2 Bf7 14. O-O e5 15.
Be3 Be7 16. a3 Qd7 17. Rc1 O-O 18. b4 Na4 19. Ne4 Qb5 20. Nc3 Nxc3 21. Rxc3 Rac8
22. Rxc8 Rxc8 23. Bh3 Rd8 24. Qc2 Qc4 25. Rc1 Qxc2 26. Rxc2 b6 27. Nd2 Bd6 28.
f3 Bb8 29. Rc8 Rxc8 30. Bxc8 Nc7 31. Bd7 Kf8 32. Kf2 Ke7 33. Ba4 Nd5 34. Bb3
Nxe3 35. Kxe3 Bxb3 36. Nxb3 Bd6 37. g4 Kd7 38. Nd2 Kc6 39. Ne4 Be7 40. Kd3 g6
41. h3 b5 42. Nc3 a5 43. bxa5 Bxa3 44. e4 Bd6 45. Nd5 f5 46. gxf5 gxf5 47. a6
fxe4+ 48. fxe4 Bc5 49. Kc3 h5 50. Kd3 Bd4 51. Kc2 Bf2 52. Kd3 Bd4 53. Kc2 Bf2 1/2-1/2

[Event "FIDE World Rapid Team"]
[Site "London ENG"]
[Date "2025.06.11"]
[Round "4.1"]
[White "Abdusattorov, Nodirbek"]
[Black "Erigaisi, Arjun"]
[Result "1-0"]
[WhiteTitle "GM"]
[BlackTitle "GM"]
[WhiteElo "2767"]
[BlackElo "2782"]
[WhiteTeam "Uzbekistan"]
[BlackTeam "Team MGD1"]
[WhiteFideId "14204118"]
[BlackFideId "35009192"]
[EventDate "2025.06.11"]
[EventType "team"]

1. Nf3 d5 2. c4 e6 3. g3 Nf6 4. Bg2 d4 5. O-O c5 6. d3 Nc6 7. e3 Be7 8. exd4
cxd4 9. Re1 h6 10. Ne5 Nxe5 11. Rxe5 O-O 12. b3 Bd6 13. Re1 e5 14. Ba3 Re8 15.
Bxd6 Qxd6 16. Nd2 Bg4 17. Qc2 Qd7 18. c5 Rac8 19. b4 Bh3 20. Bh1 Ng4 21. Ne4 b6
22. Rac1 bxc5 23. bxc5 Rc7 24. Nd6 Rf8 25. Qc4 Kh8 26. Qd5 f5 27. c6 Qe7 28. Bf3
Qf6 29. Nb5 Rcc8 30. c7 e4 31. Nd6 Ne5 32. Bh1 Nxd3 33. Nxc8 Nxc1 34. Rxc1 Rxc8
35. Qd7 Qa6 36. Qxd4 Kh7 37. Bg2 Bxg2 38. Kxg2 Qd3 39. Qe5 Qd7 40. h4 Kg6 41.
Rc5 Kf7 42. Qf4 Kg6 43. h5+ Kxh5 44. Rxf5+ Kg6 45. Rc5 Qe6 46. Re5 Qd7 47. Qxe4+
Kf7 48. Qc4+ Kf8 49. Re3 Rxc7 50. Rf3+ Ke7 51. Qf7+ Kd8 52. Qg8+ 1-0

[Event "FIDE World Rapid Team"]
[Site "London ENG"]
[Date "2025.06.11"]
[Round "4.2"]
[White "Harikrishna, Pentala"]
[Black "Sindarov, Javokhir"]
[Result "1/2-1/2"]
[WhiteTitle "GM"]
[BlackTitle "GM"]
[WhiteElo "2707"]
[BlackElo "2710"]
[WhiteTeam "Team MGD1"]
[BlackTeam "Uzbekistan"]
[WhiteFideId "5007003"]
[BlackFideId "14205483"]
[EventDate "2025.06.11"]
[EventType "team"]

1. e4 e5 2. Nf3 Nc6 3. Bc4 Nf6 4. d3 h6 5. c3 d6 6. Nbd2 g5 7. Nf1 a6 8. a4 d5
9. exd5 Nxd5 10. d4 Nb6 11. Be2 exd4 12. a5 Nd5 13. Nxd4 Nxd4 14. Qxd4 Nf6 15.
Qxd8+ Kxd8 16. Ng3 Be6 17. Be3 Bd6 18. Bd4 Ke7 19. Bf3 Rab8 20. O-O c5 21. Bxf6+
Kxf6 22. Rad1 Rhd8 23. Ne4+ Ke7 24. Rfe1 b6 25. axb6 Rxb6 26. Rd2 f5 27. Nxd6
Rdxd6 28. Bd5 Rd8 29. g3 Kf6 30. c4 Rdd6 31. Rxe6+ Rxe6 32. Bxe6 Kxe6 33. Rd5
Rxb2 34. Rxc5 Rb6 35. f4 g4 36. Ra5 h5 37. Kf2 Rb2+ 38. Kg1 Rb1+ 39. Kf2 Rb2+
40. Kg1 Rb1+ 1/2-1/2

[Event "FIDE World Rapid Team"]
[Site "London ENG"]
[Date "2025.06.11"]
[Round "4.3"]
[White "Yakubboev, Nodirbek"]
[Black "Anton Guijarro, David"]
[Result "1/2-1/2"]
[WhiteTitle "GM"]
[BlackTitle "GM"]
[WhiteElo "2659"]
[BlackElo "2642"]
[WhiteTeam "Uzbekistan"]
[BlackTeam "Team MGD1"]
[WhiteFideId "14203987"]
[BlackFideId "2285525"]
[EventDate "2025.06.11"]
[EventType "team"]

1. d4 d5 2. Nf3 e6 3. Bf4 Bd6 4. e3 Nf6 5. Nbd2 O-O 6. Bd3 Bxf4 7. exf4 b6 8.
Qe2 c5 9. c3 a5 10. Ne5 Ba6 11. Bxa6 Nxa6 12. O-O Qc7 13. Ndf3 Nb8 14. Qd3 Nc6
15. f5 Nxe5 16. Nxe5 exf5 17. Qxf5 cxd4 18. cxd4 Rac8 19. f3 Qc2 20. Qxc2 Rxc2
21. Rf2 Rfc8 22. Re1 h5 23. Rfe2 g5 24. Kf2 Kg7 25. Kg3 h4+ 26. Kf2 Nh5 27. g3
Rxe2+ 28. Rxe2 Rc1 29. Kg2 Rd1 30. Nc6 Kf6 31. a4 Ng7 32. b4 Ne6 33. bxa5 bxa5
34. Ra2 Nxd4 35. Nxa5 Rb1 36. Kf2 Ke5 37. Ke3 Nf5+ 38. Kd3 Kd6 39. Rc2 Ne7 40.
gxh4 gxh4 41. Kc3 Rf1 42. Kb4 Rb1+ 43. Nb3 Nc6+ 44. Ka3 Rf1 45. Rc3 d4 46. Rd3
Kd5 47. a5 Re1 48. Rd2 Re3 49. Ka4 Kc4 50. Rc2+ Rc3 51. Rb2 d3 52. a6 Rc2 53.
Rxc2+ dxc2 54. Nc1 h3 55. f4 f5 56. Ne2 Kd3 57. Nc1+ Kc4 58. Ne2 Kd3 59. Nc1+
Kc3 60. Kb5 Nd4+ 61. Kb6 Nb3 62. Na2+ Kb2 63. Nb4 Nc5 64. Nxc2 Nxa6 65. Ne3 Nb4
66. Nxf5 Nd5+ 1/2-1/2

[Event "FIDE World Rapid Team"]
[Site "London ENG"]
[Date "2025.06.11"]
[Round "4.4"]
[White "Mendonca, Leon Luke"]
[Black "Vokhidov, Shamsiddin"]
[Result "1-0"]
[WhiteTitle "GM"]
[BlackTitle "GM"]
[WhiteElo "2603"]
[BlackElo "2644"]
[WhiteTeam "Team MGD1"]
[BlackTeam "Uzbekistan"]
[WhiteFideId "35028561"]
[BlackFideId "14204223"]
[EventDate "2025.06.11"]
[EventType "team"]

1. Nf3 Nf6 2. c4 e6 3. b3 d5 4. Bb2 Be7 5. g3 O-O 6. Bg2 c5 7. cxd5 Nxd5 8. O-O
Nc6 9. Nc3 Bf6 10. Qc2 b6 11. Nxd5 Bxb2 12. Qxb2 exd5 13. e3 Bg4 14. h3 Bf5 15.
Ne5 Qf6 16. d4 Nxe5 17. dxe5 Qe6 18. Rad1 Rad8 19. g4 Be4 20. f3 Bg6 21. f4 Be4
22. Bxe4 dxe4 23. Qc2 Qc6 24. Rf2 Rxd1+ 25. Qxd1 b5 26. Rc2 Rc8 27. Kg2 c4 28.
bxc4 bxc4 29. Rc3 h6 30. Kg3 a5 31. Qd6 Qc5 32. Qxc5 Rxc5 33. f5 g5 34. fxg6
fxg6 35. Kf4 Kf7 36. Kxe4 Ke6 37. Kd4 Rxe5 38. Rxc4 Rd5+ 39. Ke4 Re5+ 40. Kd3
Rd5+ 41. Ke4 Re5+ 42. Kf3 Kf6 43. Kf4 g5+ 44. Kf3 Rb5 45. a4 Re5 46. Rc6+ Kg7
47. e4 Re8 48. Ra6 Rb8 49. e5 Rb3+ 50. Ke4 Rb4+ 51. Kf5 Rf4+ 52. Ke6 Rxa4 53.
Ra7+ Kg6 54. Ke7 h5 55. Ra6+ Kg7 56. gxh5 Re4 57. Rxa5 Kh6 58. e6 Kxh5 59. Kf6
Kh4 60. e7 1-0

[Event "FIDE World Rapid Team"]
[Site "London ENG"]
[Date "2025.06.11"]
[Round "4.5"]
[White "Khamdamova, Afruza"]
[Black "Tsolakidou, Stavroula"]
[Result "1/2-1/2"]
[WhiteTitle "WIM"]
[BlackTitle "IM"]
[WhiteElo "2326"]
[BlackElo "2428"]
[WhiteTeam "Uzbekistan"]
[BlackTeam "Team MGD1"]
[WhiteFideId "14210444"]
[BlackFideId "4264312"]
[EventDate "2025.06.11"]
[EventType "team"]

1. e4 c5 2. Nf3 d6 3. d4 cxd4 4. Nxd4 Nf6 5. Nc3 a6 6. Be2 e5 7. Nb3 Be7 8. O-O
O-O 9. Qd3 Be6 10. Bd2 Nbd7 11. Nd5 Bxd5 12. exd5 Rc8 13. c4 b6 14. Rae1 a5 15.
a4 Qc7 16. Bc3 Rfe8 17. Qh3 Bf8 18. Nd2 Nc5 19. b3 g6 20. Bd1 Qd7 21. Qh4 Bg7
22. Re3 h5 23. f4 Ng4 24. Bxg4 Qxg4 25. Qxg4 hxg4 26. fxe5 dxe5 27. Rfe1 f6 28.
Ne4 Nxe4 29. Rxe4 f5 30. R4e2 e4 31. Bd2 Bd4+ 32. Kf1 Kf7 33. Bf4 Kf6 34. Rd1
Bc5 35. g3 g5 36. Bc1 Rcd8 37. Kg2 Kg6 38. Rf1 e3 39. h3 gxh3+ 40. Kxh3 Re4 41.
Kg2 Rde8 42. Rh1 Rg4 43. Kf3 Rge4 44. Rhe1 f4 45. gxf4 Rxf4+ 46. Kg2 Rfe4 47. d6
Bxd6 48. Rxe3 Rxe3 49. Rxe3 Rxe3 50. Bxe3 Bc5 51. Bd2 Kf5 52. Kg3 g4 53. Be1 Ke4
54. Kxg4 Kd3 55. Kf5 Kc2 56. Ke4 Kxb3 57. Kd3 Kxa4 58. Kc2 Bd4 59. Bd2 Ka3 60.
Be1 a4 61. Bd2 Bc5 62. Bc3 Bb4 63. Bb2+ Ka2 64. Bd4 Bc5 65. Bf6 Ka3 66. Bc3 1/2-1/2

[Event "FIDE World Rapid Team"]
[Site "London ENG"]
[Date "2025.06.11"]
[Round "4.6"]
[White "Atharvaa P Tayade"]
[Black "Imomkuzieva, Nilufarkhon"]
[Result "1-0"]
[BlackTitle "WFM"]
[WhiteElo "1956"]
[BlackElo "2066"]
[WhiteTeam "Team MGD1"]
[BlackTeam "Uzbekistan"]
[WhiteFideId "25042955"]
[BlackFideId "14216736"]
[EventDate "2025.06.11"]
[EventType "team"]

1. e4 e5 2. Nf3 Nc6 3. Bb5 a6 4. Ba4 Nf6 5. O-O Be7 6. Re1 b5 7. Bb3 d6 8. c3
O-O 9. h3 Nb8 10. d4 Nbd7 11. Nbd2 Bb7 12. a4 c5 13. Bc2 Qc7 14. Nf1 Rfc8 15. d5
c4 16. Ng3 Bf8 17. Nf5 Rcb8 18. a5 Nc5 19. Bg5 Ne8 20. Nh2 Bc8 21. Be3 Nf6 22.
g4 Bd7 23. Qf3 b4 24. Nh6+ gxh6 25. Qxf6 bxc3 26. bxc3 Rb2 27. Re2 Bg7 28. Qh4
Ba4 29. Bxc5 Rxc2 30. Bb6 Qd7 31. Re3 Rd2 32. g5 hxg5 33. Qxg5 Rd3 34. Ng4 Kh8
35. Nf6 Qe7 36. Nxh7 Qxg5+ 37. Nxg5 Rxe3 38. Bxe3 Be8 39. Rb1 Kg8 40. Rb7 Bf6
41. Nf3 Bb5 42. Nd2 Kf8 43. Nb1 Ba4 44. Na3 Bb3 45. Rb4 Ba2 46. Nxc4 Rc8 47.
Nxd6 Rxc3 48. Rb7 Bd8 49. Nxf7 Bxa5 50. Nxe5 Rb3 51. Ra7 Rb1+ 52. Kg2 Bc3 53.
Bh6+ Kg8 54. Rg7+ Kf8 55. Rc7+ Kg8 56. Rxc3 Bb3 57. d6 Be6 58. d7 Bxd7 59. Nxd7 1-0

[Event "FIDE World Rapid Team"]
[Site "London ENG"]
[Date "2025.06.11"]
[Round "4.1"]
[White "Maroroa Jones, Gawain C B"]
[Black "Aronian, Levon"]
[Result "1-0"]
[WhiteTitle "GM"]
[BlackTitle "GM"]
[WhiteElo "2653"]
[BlackElo "2742"]
[WhiteTeam "Malcolm's Mates"]
[BlackTeam "Hexamind Chess Team"]
[WhiteFideId "409561"]
[BlackFideId "13300474"]
[EventDate "2025.06.11"]
[EventType "team"]

1. Nf3 Nf6 2. g3 b6 3. Bg2 Bb7 4. c4 c5 5. Nc3 g6 6. O-O Bg7 7. d4 cxd4 8. Qxd4
d6 9. Be3 Nbd7 10. Rac1 Rc8 11. Rfd1 O-O 12. Qh4 h5 13. h3 Nh7 14. Nd5 Re8 15.
Bd4 Ndf6 16. Nxf6+ Bxf6 17. Bxf6 Nxf6 18. Qd4 Qc7 19. Qe3 Qc5 20. Nd4 Bxg2 21.
Kxg2 a6 22. Qf3 Rc7 23. Rc3 Rec8 24. a3 Qg5 25. Rdc1 Qe5 26. Qd3 Ne4 27. f4 1-0

[Event "FIDE World Rapid Team"]
[Site "London ENG"]
[Date "2025.06.11"]
[Round "4.2"]
[White "Dominguez Perez, Leinier"]
[Black "Vitiugov, Nikita"]
[Result "1-0"]
[WhiteTitle "GM"]
[BlackTitle "GM"]
[WhiteElo "2738"]
[BlackElo "2671"]
[WhiteTeam "Hexamind Chess Team"]
[BlackTeam "Malcolm's Mates"]
[WhiteFideId "3503240"]
[BlackFideId "4152956"]
[EventDate "2025.06.11"]
[EventType "team"]

1. e4 e6 2. d4 d5 3. Nc3 Nf6 4. e5 Nfd7 5. f4 c5 6. Nf3 Nc6 7. Be3 a6 8. Qd2 b5
9. Be2 b4 10. Na4 cxd4 11. Nxd4 Nxd4 12. Bxd4 Bb7 13. f5 Bc6 14. fxe6 fxe6 15.
b3 Bxa4 16. bxa4 Bc5 17. Bxc5 Nxc5 18. Qxb4 Qe7 19. O-O Ne4 20. Rab1 Qc5+ 21.
Qxc5 Nxc5 22. Rb6 Ke7 23. a5 Nd7 24. Rb7 Rhb8 25. Rfb1 Rxb7 26. Rxb7 Kd8 27. Bg4
Ke7 28. Rc7 Kd8 29. Rc3 Nxe5 30. Bxe6 Rb8 31. Re3 Rb1+ 32. Kf2 Nc4 33. Rd3 Rb2
34. Rxd5+ Ke7 35. Bf5 Rxa2 36. Bxh7 Nxa5 37. Rc5 Kd6 38. Rg5 Nc6 39. Rxg7 a5 40.
Be4 Nb4 41. Ra7 a4 42. Ke3 Nxc2+ 43. Bxc2 Rxc2 44. Kf3 Rc3+ 45. Kg4 Rc4+ 46. Kf3
Rc3+ 47. Kg4 Rc4+ 48. Kf5 Kc6 49. g4 Kb6 50. Ra8 Kb7 51. Ra5 Kb6 52. Ra8 Kb7 53.
Re8 a3 54. g5 a2 55. Re1 Rc2 56. h4 Rf2+ 57. Kg6 1-0

[Event "FIDE World Rapid Team"]
[Site "London ENG"]
[Date "2025.06.11"]
[Round "4.3"]
[White "Adams, Michael"]
[Black "Giri, Anish"]
[Result "1/2-1/2"]
[WhiteTitle "GM"]
[BlackTitle "GM"]
[WhiteElo "2659"]
[BlackElo "2748"]
[WhiteTeam "Malcolm's Mates"]
[BlackTeam "Hexamind Chess Team"]
[WhiteFideId "400041"]
[BlackFideId "24116068"]
[EventDate "2025.06.11"]
[EventType "team"]

1. e4 e5 2. Nf3 Nc6 3. Bb5 Nf6 4. d3 Bc5 5. Bxc6 dxc6 6. Nbd2 Nd7 7. Nf1 a5 8.
a4 O-O 9. Ng3 Re8 10. O-O Bf8 11. Be3 c5 12. Nd2 g6 13. Nc4 Bg7 14. Qd2 b6 15.
Bg5 f6 16. Bh6 Bh8 17. Ne2 Ba6 18. Ne3 c6 19. b3 Qe7 20. Rae1 Rad8 21. h3 Nf8
22. Qc1 Ne6 23. f4 exf4 24. Nxf4 Ng5 25. Ne2 Nf7 26. Bf4 Bg7 27. Nc4 Qa7 28. Kh1
Bc8 29. Ng1 b5 30. Nd2 Be6 31. Be3 Ne5 1/2-1/2

[Event "FIDE World Rapid Team"]
[Site "London ENG"]
[Date "2025.06.11"]
[Round "4.4"]
[White "Vidit, Santosh Gujrathi"]
[Black "Saric, Ivan"]
[Result "1-0"]
[WhiteTitle "GM"]
[BlackTitle "GM"]
[WhiteElo "2720"]
[BlackElo "2661"]
[WhiteTeam "Hexamind Chess Team"]
[BlackTeam "Malcolm's Mates"]
[WhiteFideId "5029465"]
[BlackFideId "14508150"]
[EventDate "2025.06.11"]
[EventType "team"]

1. d4 Nf6 2. Nf3 g6 3. b3 Bg7 4. Bb2 O-O 5. e3 d5 6. Be2 c5 7. dxc5 Na6 8. Bxa6
Qa5+ 9. Nbd2 bxa6 10. O-O Qxc5 11. c4 dxc4 12. Nxc4 Bb7 13. Nfe5 Rfd8 14. Qe2
Qd5 15. f3 Qe6 16. Rad1 Nd5 17. e4 Nb6 18. Rxd8+ Rxd8 19. Rd1 Qc8 20. Rxd8+ Qxd8
21. Na5 Qc7 22. Nd3 Bc8 23. Bxg7 Kxg7 24. Qb2+ f6 25. Qc1 Qd6 26. Qc3 Be6 27.
Nb7 Qa3 28. Qc7 Bf7 29. Nbc5 Qxa2 30. Qxe7 Qa1+ 31. Kf2 g5 32. Qxa7 Qd4+ 33. Ke2
Qd6 34. Qxa6 h5 35. h3 g4 36. hxg4 hxg4 37. fxg4 Be6 38. Qb7+ Kh6 39. g5+ fxg5
40. e5 Bg4+ 41. Kd2 Qd8 42. Qc6+ Kh5 43. Qd6 Nd7 44. e6 Qa5+ 45. b4 Qa2+ 46. Ke3
Nf6 47. e7 Qe2+ 48. Kd4 1-0

[Event "FIDE World Rapid Team"]
[Site "London ENG"]
[Date "2025.06.11"]
[Round "4.5"]
[White "Bulmaga, Irina"]
[Black "Divya, Deshmukh"]
[Result "1-0"]
[WhiteTitle "IM"]
[BlackTitle "IM"]
[WhiteElo "2393"]
[BlackElo "2463"]
[WhiteTeam "Malcolm's Mates"]
[BlackTeam "Hexamind Chess Team"]
[WhiteFideId "13903063"]
[BlackFideId "35006916"]
[EventDate "2025.06.11"]
[EventType "team"]

1. e4 e6 2. d4 d5 3. Nc3 Nf6 4. Bg5 dxe4 5. Nxe4 Nbd7 6. Nf3 h6 7. Nxf6+ Nxf6 8.
Be3 Bd6 9. Bd3 Bd7 10. Qe2 Nd5 11. Bd2 Qf6 12. c3 Nf4 13. Bxf4 Qxf4 14. g3 Qf6
15. Be4 Rb8 16. O-O-O b5 17. Ne5 Rb6 18. f4 Qe7 19. Kb1 Bxe5 20. dxe5 b4 21. c4
O-O 22. h4 b3 23. a3 Bc6 24. Bxc6 Rxc6 25. Rd4 f6 26. Re1 Qf7 27. Qe4 fxe5 28.
Qxc6 exd4 29. Qxe6 Qxe6 30. Rxe6 g5 31. hxg5 hxg5 32. Rg6+ Kf7 33. Rxg5 Rh8 34.
Kc1 Rh2 35. Rb5 Rc2+ 36. Kb1 Rxc4 37. Rxb3 a5 38. Rd3 a4 39. Rd2 Kf6 40. Rc2
Rxc2 41. Kxc2 Kf5 42. b4 axb3+ 43. Kxb3 Ke4 44. Kc2 Ke3 45. Kd1 c5 46. f5 c4 47.
f6 c3 48. f7 1-0

[Event "FIDE World Rapid Team"]
[Site "London ENG"]
[Date "2025.06.11"]
[Round "4.1"]
[White "Rapport, Richard"]
[Black "Amartuvshin, Ganzorig"]
[Result "0-1"]
[WhiteTitle "GM"]
[BlackTitle "IM"]
[WhiteElo "2714"]
[BlackElo "2430"]
[WhiteTeam "KazChess"]
[BlackTeam "Mongolia-A"]
[WhiteFideId "738590"]
[BlackFideId "4902548"]
[EventDate "2025.06.11"]
[EventType "team"]

1. e4 e5 2. Nf3 Nc6 3. Bb5 a6 4. Ba4 Nf6 5. d3 d6 6. c3 g6 7. O-O Bd7 8. Re1 Bg7
9. h3 O-O 10. a3 Nh5 11. b4 Qe8 12. Bb3 Kh8 13. d4 f5 14. exf5 gxf5 15. Nbd2 e4
16. Nf1 Bf6 17. N3h2 Qg6 18. Kh1 Ne7 19. f3 d5 20. g4 exf3 21. Qxf3 fxg4 22.
hxg4 Bxd4 23. Qd1 Rxf1+ 24. Nxf1 Bf2 25. Qf3 Bxe1 26. gxh5 Qg7 27. h6 Qxc3 28.
Bb2 Qxb2 29. Rxe1 Ng6 30. Bxd5 Rf8 31. Qg3 c6 32. Bg2 Qf6 33. Rd1 Be6 34. Nh2
Nf4 35. Rf1 Qxh6 36. Qe3 Rf6 37. Qe5 Kg7 38. Be4 Nh3 39. Qg3+ Qg5 40. Qc7+ Bf7
41. Nf3 Qf4 42. Qe7 Ng5 43. Rg1 Rh6+ 44. Kg2 Nxe4 45. Kf1+ Rg6 0-1

[Event "FIDE World Rapid Team"]
[Site "London ENG"]
[Date "2025.06.11"]
[Round "4.2"]
[White "Munkhdalai, Amilal"]
[Black "Grischuk, Alexander"]
[Result "1/2-1/2"]
[WhiteTitle "IM"]
[BlackTitle "GM"]
[WhiteElo "2385"]
[BlackElo "2667"]
[WhiteTeam "Mongolia-A"]
[BlackTeam "KazChess"]
[WhiteFideId "4903250"]
[BlackFideId "4126025"]
[EventDate "2025.06.11"]
[EventType "team"]

1. e4 e5 2. Nf3 Nc6 3. Bb5 a6 4. Ba4 Nf6 5. O-O Be7 6. Re1 b5 7. Bb3 d6 8. c3
O-O 9. h3 Nd7 10. d4 Bf6 11. Be3 Na5 12. Bc2 Nc4 13. Bc1 Bb7 14. Nbd2 Nxd2 15.
Bxd2 Re8 16. dxe5 Nxe5 17. Nxe5 Bxe5 18. Be3 c5 19. Qd2 Qc7 20. Bf4 Rad8 21.
Bxe5 dxe5 22. Qe3 Bc8 23. Rad1 Be6 24. a3 h6 25. Rxd8 Rxd8 26. Rd1 a5 27. Rxd8+
Qxd8 28. Bd3 b4 29. axb4 cxb4 30. cxb4 axb4 31. Be2 Qg5 32. Qxg5 hxg5 33. Kf1
Kf8 34. Bd3 Ke7 35. Ke2 Kd6 36. Ke3 Kc5 37. Be2 g6 38. g4 Bc4 39. Bd3 f6 40.
Bxc4 Kxc4 41. Kd2 Kd4 42. f3 Kc4 43. Kc2 Kc5 44. Kd3 Kb5 45. b3 Kc5 46. Ke3 Kb5
47. Kd3 Kc5 48. Ke3 1/2-1/2